000 00677cam a2200253 4500
001 ABS67814
008 040602n2004 000 0 eng u
035 _a(Sirsi) u126376
245 _aFocus 1: Northern Ireland
260 _c2004
490 _aEstates Gazette
_v(0421) 22 May 2004, 79-95(11)
590 _aABS
590 _aABS
650 _aNORTHERN IRELAND
650 _aDERRY
650 _aBELFAST
650 _aPROPERTY-COMMERCIAL PROPERTY-RETAIL PROPERTY-RETAIL PROPERTY MARKET
650 _aLEISURE MARKET
650 _aOFFICE MARKET
650 _aINDUSTRIAL MARKET
650 _aREGENERATION
690 _aCOMMERCIAL PROPERTY-MARKET
942 _n0
999 _c117446
_d117446